| 000 | 01312 a2200229 4500 | ||
|---|---|---|---|
| 005 | 20180511160359.0 | ||
| 010 | _aHIN-78934 राष्ट्रपति-2 | ||
| 020 |
_a8188118281 _c150.00 |
||
| 035 | _aHN-51280 | ||
| 037 | _bD.B.Act / pub | ||
| 037 | _bआर्य प्रकाशन | ||
| 082 | _a238.33 | ||
| 100 | _aलाजपतराय, लाला | ||
| 245 |
_aयुग-प्रवर्तक स्वामी दयानन्द / _cलाला लाजपतराय ;भवानीलाल भारतीय द्वारा संपादित; गोपालदास देवगण शर्मा द्वारा अनुवादित |
||
| 246 |
_aYug-Pravartak Swami Dayanand _bby Lala Lajpat Rai |
||
| 260 |
_aदिल्ली _bआर्य प्रकाशन मंडल _c2006 |
||
| 270 |
_aix/221,सरस्वती भंडार,गांधीनगर _bदिल्ली _e110031 |
||
| 300 |
_a183पृ _c22 सेमी (सजिल्द) |
||
| 490 |
_aआचार्य रामचन्द्र द्विवेदी ग्रन्थमाला : पुष्प-13 _vभाग-1 |
||
| 500 | _aराष्ट्रपति-2 | ||
| 942 |
_adpl _cHN _k238.33 / लाजप _2ddc _h238.33 _mलाजप |
||
| 999 |
_c1013 _d1013 |
||